Karen Julie Potts v Robert Densley and Shirley Elizabeth Pays (Record no. 83322)

MARC details
000 -LEADER
fixed length control field 01415cab a22002055a 4500
001 - CONTROL NUMBER
control field E153582
008 - FIXED-LENGTH DATA ELEMENTS--GENERAL INFORMATION
fixed length control field 110808e20110506xxk 000 0 eng d
035 ## - SYSTEM CONTROL NUMBER
System control number (Sirsi) u153582
041 0# - LANGUAGE CODE
Language code of text/sound track or separate title eng
245 00 - TITLE STATEMENT
Title Karen Julie Potts v Robert Densley and Shirley Elizabeth Pays
Medium [electronic resource]
260 ## - PUBLICATION, DISTRIBUTION, ETC.
Date of publication, distribution, etc. 2011
520 ## - SUMMARY, ETC.
Summary, etc. [2011] EWHC 1144 (QB), 6 May 2011. The claimant (P) had been tenant of the defendents (D). P had paid a deposit to D after requesting termination of the tenancy, D offered to repay the deposit immediately, however P specified that it should be paid into a tenancy deposit scheme. This was done after the termination of the tenancy, and P made a claim for three times the amount of the deposit, under the Housing Act 2004 S214, on the basis that the rules relating to tenancy deposit schemes had not been followed and that necessary information had not been supplied. A previous judge had found that there had been a technical breach, however in view of the unusual circumstances she did not impose sanctions on D. P appealed. "Held": appeal dismissed.
590 ## - LOCAL NOTE (RLIN)
Local note KA
650 24 - SUBJECT ADDED ENTRY--TOPICAL TERM
Topical term or geographic name entry element POTTS v DENSLEY AND ANOR
650 24 - SUBJECT ADDED ENTRY--TOPICAL TERM
Topical term or geographic name entry element HOUSING ACT 2004 S214
651 #4 - SUBJECT ADDED ENTRY--GEOGRAPHIC NAME
Geographic name England and Wales
Chronological subdivision 1543-
690 ## - LOCAL SUBJECT ADDED ENTRY--TOPICAL TERM (OCLC, RLIN)
Topical term or geographic name as entry element PROPERTY-LEASEHOLD PROPERTY-LANDLORD AND TENANT
856 40 - ELECTRONIC LOCATION AND ACCESS
Uniform Resource Identifier <a href="https://www.bailii.org/ew/cases/EWHC/QB/2011/1144.html">https://www.bailii.org/ew/cases/EWHC/QB/2011/1144.html</a>
Public note View the judgement free of charge at www.bailii.org
942 ## - ADDED ENTRY ELEMENTS (KOHA)
Suppress in OPAC 0
Holdings
Withdrawn status Lost status Source of classification or shelving scheme Damaged status Not for loan Home library Current library Shelving location Date acquired Total Checkouts Full call number Barcode Date last seen Copy number Price effective from Koha item type
    Dewey Decimal Classification     Virtual Virtual Online 08/08/2011   ONLINE PUBLICATION 153582-1001 06/08/2019 1 06/08/2019 Law report